| 000 -ლიდერი |
| ფიქსირებული სიგრძის საკონტროლო ველი |
01920nam a22002537a 4500 |
| 003 - საკონტროლო ნომრის იდენტიფიკატორი |
| საკონტროლო ველი |
Ge_BSU |
| 005 - ბოლო ოპერაციის თარიღი და დრო |
| საკონტროლო ველი |
20260218154228.0 |
| 008 - ფიქსირებული სიგრძის მონაცემთა ელემენტები - ზოგადი ინფორმაცია |
| ფიქსირებული სიგრძის საკონტროლო ველი |
260218s2025 ge ||||| |||| 00| 0 geo d |
| 020 ## - წიგნის საერთაშორისო სტანდარტული ნომერი |
| International Standard Book Number |
9789941521966 |
| 041 ## - ენის კოდი |
| Language code of text/sound track or separate title |
geo |
| 080 ## - უნივერსალური ათობითი კლასიფიკაციის ინდექსი |
| Universal Decimal Classification number |
811.353 ლ-63 |
| 245 ## - ცნობა სათაურის შესახებ |
| Title |
ლინგვოქვეყანამცოდნეობა : |
| Remainder of title |
[სასწავლო კურსი]. წიგნი 1 / |
| Statement of responsibility, etc |
საქართველოს ტექნიკური უნივერსიტეტი, ქართული ფილოლოგიისა და მედიატექნოლოგიების დეპარტამენტი; რედაქტორი თემურ ჯაგოდნიშვილი. |
| 264 ## - წარმოების, გამოცემის, დისტრიბუციის და სხვა ცნობები |
| გამოცემის, წარმოების, დისტრიბუციის... ადგილი |
თბილისი : |
| გამოცემის, წარმოების, დისტრიბუციის... სახელწოდება |
უნივერსალი, |
| გამოცემის, წარმოების, დისტრიბუციის... თარიღი |
2025. |
| 300 ## - ფიზიკური აღწერა |
| Extent |
178 გვ. : |
| Other physical details |
ფოტ. ; |
| Dimensions |
28 სმ. |
| 504 ## - BIBLIOGRAPHY, ETC. NOTE |
| Bibliography, etc |
ბიბლიოგრაფია ტექსტის შენიშვნებში და სტატიების ბოლოს. |
| 653 ## - INDEX TERM--UNCONTROLLED |
| Uncontrolled term |
ლინგვოქვეყანამცოდნეობა |
| 700 ## - ADDED ENTRY--PERSONAL NAME |
| Personal name |
ჯაგოდნიშვილი, თემურ |
| Relator term |
ავტორი, რედაქტორი |
| 9 (RLIN) |
26921 |
| 700 ## - ADDED ENTRY--PERSONAL NAME |
| Personal name |
ოსაძე, ივანე |
| Relator term |
ავტორი |
| 9 (RLIN) |
26919 |
| 700 ## - ADDED ENTRY--PERSONAL NAME |
| Personal name |
ჩილაჩავა, ეკა |
| Relator term |
ავტორი |
| 9 (RLIN) |
26922 |
| 700 ## - ADDED ENTRY--PERSONAL NAME |
| Personal name |
კილაძე, თინათინ |
| Relator term |
ავტორი |
| 9 (RLIN) |
26923 |
| 700 ## - ADDED ENTRY--PERSONAL NAME |
| Personal name |
გაფრინდაშვილი, ქეთევან და სხვ. |
| Relator term |
ავტორი |
| 9 (RLIN) |
26924 |
| 710 ## - ADDED ENTRY--CORPORATE NAME |
| Corporate name or jurisdiction name as entry element |
საქართველოს ტექნიკური უნივერსიტეტი |
| Subordinate unit |
ქართული ფილოლოგიისა და მედია ტექნოლოგიების დეპარტამენტი |
| 9 (RLIN) |
26920 |
| 942 ## - ADDED ENTRY ELEMENTS (KOHA) |
| Source of classification or shelving scheme |
|
| Koha item type |
წიგნი |